| 000 | 00672nam a22001577a 4500 | ||
|---|---|---|---|
| 020 | _a978-93-5103-010-2 | ||
| 082 |
_a823 _bBAJ/E |
||
| 100 | _aBAJAJ, MANJUL | ||
| 245 | _aELBIE'S QUEST | ||
| 250 | _aFIRST EDITION | ||
| 260 |
_aNEW YORK _bSCHOLASTIC INC _c2013 |
||
| 300 | _a143 | ||
| 520 | _aElbie's Quest is a small little book by Manjul Bajaj. It takes you to Rangeeli Duniya – a fantasy world that she creates around a little big tree whom she chooses to call Elbie. Elbie's world runs around her café called Soul Kitchen. It remains until the maker chooses her to sort out a problem in this world. | ||
| 650 |
_aCHILDREN'S STORY BOOK _zUNITED STATES |
||
| 942 | _cBK | ||
| 999 |
_c5977 _d5977 |
||